000 00940nam a2200289 4500
003 OSt
005 20260530115314.0
008 260421b2009 xxua|||| |||| 00| 0 eng d
020 _a9789057680205 (rústica)
040 _aICI
_bspa
_cICI
041 0 _aeng
041 0 _amul
050 4 _aNC710
_bJ36
100 _eautor
245 _aJapanese patterns =
_bMotifs Japonais = Motivos Japoneses /
_cconcept & series editor, Pepin van Rooje
246 3 0 _aMotifs Japonais
246 3 0 _aMotivos Japoneses
264 1 _aAmsterdam :
_bPepin /Agile Rabit,
_cc2009
300 _a168 páginas :
_bilustraciones
336 _2rdacontent
_atexto
337 _2rdamedia
_asin medio
338 _2rdacarrier
_avolumen
500 _aTítulos e introducción en inglés, alemán, francés, español, italiano, chino y japonés
650 4 _2Artes gráficas
_xDiseño
_zJapón
_933364
700 1 _aRoojen, Pepin van,
_eeditor
942 _2lcc
_n0
_cBK
999 _c13518
_d13518